Biblioteca "Ernesto Sabato"
Facultad de Derecho y Ciencias Sociales
Facultad de Lenguas
Universidad Nacional del Comahue

Marginalidad y exclusión social (Record no. 35034)

MARC details
000 -CABECERA
campo de control de longitud fija 00611nam a22002297a 4500
003 - IDENTIFICADOR DEL NÚMERO DE CONTROL
campo de control OSt
005 - FECHA Y HORA DE LA ÚLTIMA TRANSACCIÓN
campo de control 20220426175110.0
008 - DATOS DE LONGITUD FIJA--INFORMACIÓN GENERAL
campo de control de longitud fija 220426b ||||| |||| 00| 0 spa d
020 ## - ISBN
Número Internacional Estándar del Libro 950-557-392-8
040 ## - FUENTE DE LA CATALOGACIÓN
Centro/agencia transcriptor Biblioteca Ernesto Sábato
092 ## - SIGNATURA TOPOGRÁFICA
Número de clasificación 362.01
Libristica N975
Sector JLS
100 ## - Autor Personal
Nombre de persona Nun, José
245 ## - MENCIÓN DE TÍTULO
Título Marginalidad y exclusión social
260 ## - PUBLICACIÓN, DISTRIBUCIÓN, ETC. (PIE DE IMPRENTA)
Lugar de publicación, distribución, etc. Buenos Aires
Nombre del editor, distribuidor, etc. Fondo de cultura económica
Fecha de publicación, distribución, etc. 2001
300 ## - DESCRIPCIÓN FÍSICA
Paginas 321 p.
440 ## - MENCIÓN DE SERIE/PUNTO DE ACCESO ADICIONAL--TÍTULO
Título Colección popular
Número de parte o sección de la obra ; 591
650 ## - Descriptores Tematicos
Término de materia o nombre geográfico como elemento inicial MARGINALIDAD
650 ## - Descriptores Tematicos
Término de materia o nombre geográfico como elemento inicial DESIGUALDAD SOCIAL
650 ## - Descriptores Tematicos
Término de materia o nombre geográfico como elemento inicial EXCLUSIÓN SOCIAL
650 ## - Descriptores Tematicos
Término de materia o nombre geográfico como elemento inicial /JLS/
942 ## - ELEMENTOS DE PUNTO DE ACCESO ADICIONAL (KOHA)
Fuente del sistema de clasificación o colocación Dewey Decimal Classification
Tipo de ítem Koha JLS
Holdings
Estado de retiro Estado de pérdida Fuente del sistema de clasificación o colocación Estado dañado No para préstamo Localización permanente Ubicación/localización actual Fecha de adquisición Número de inventario Total de préstamos Signatura topográfica completa Código de barras Fecha visto por última vez Precio válido a partir de Tipo de ítem Koha
    Dewey Decimal Classification     Biblioteca Ernesto Sabato - FADECS - UNCOMA Biblioteca Ernesto Sabato - FADECS - UNCOMA 26/04/2022 25548   362.01 N975 25548 26/04/2022 26/04/2022 JLS
Facultad de Derecho y Ciencias Sociales | Universidad Nacional del Comahue | Mendoza y Perú General Roca | Río Negro CP (8332) | Patagonia Argentina | Teléfono: 54-0298-4433670 | | Fax: 0298-4432093 | Fax alumnos: 0298-4435700